000 00408nam a2200169Ia 4500
001 2183
003 IN-NITTTR
005 20251114232926.0
008 251113s9999||||xx |||||||||||||| ||eng||
040 _beng
040 _cIN-NITTTR
041 _aeng
082 _a621.3892 V286L
100 _aVan Der Wal, P. W.
245 0 _aLoudspeakers and loudspeaker cabinets. /
_cVan Der Wal, P. W.
942 _2ddc
_cBK
999 _c3262
_d3262